[Event "Aragon-chT Preferente A"]
[Site "Aragon"]
[Date "2016.03.12"]
[Round "7.43"]
[White "Climente Martinez, Jose Luis"]
[Black "Bogomilov Georgiev, Georgi"]
[Result "1-0"]
[WhiteElo "1924"]
[BlackElo "1953"]
[PlyCount "67"]
[EventDate "2016.01.30"]
[EventType "team-tourn"]
[EventRounds "9"]
[EventCountry "ESP"]
[SourceTitle "EXT 2018"]
[Source "ChessBase"]
[SourceDate "2017.10.13"]
[SourceVersion "1"]
[SourceVersionDate "2017.10.13"]
[SourceQuality "1"]
[WhiteTeam "Sabinanigo"]
[BlackTeam "Tauste"]
[WhiteTeamCountry "ESP"]
[BlackTeamCountry "ESP"]

1. d4 Nf6 2. Nf3 e6 3. c4 Bb4+ 4. Bd2 Qe7 5. a3 Bxd2+ 6. Qxd2 0-0 7. Nc3 d6 8. e4 e5 9. Bd3 Bg4 10. d5 a5 11. Qe3 Na6 12. Nd2 Nc5 13. 0-0 a4 14. Bc2 Nh5 15. h3 Bd7 16. Ne2 Ra6 17. g4 Nf6 18. Ng3 Rb6 19. Rab1 h5 20. f3 hxg4 21. fxg4 Nh7 22. Nf3 Nb3 23. Nf5 Bxf5 24. exf5 Re8 25. Rf2 e4 26. Re1 Nc5 27. g5 f6 28. g6 Ng5 29. Nh2 Qe5 30. Ng4 Qe7 31. h4 Nf7 32. gxf7+ Kxf7 33. Qd4 Nb3 34. Qxe4 1-0

[Event "Aragon-chT Preferente A"]
[Site "Aragon"]
[Date "2016.01.30"]
[Round "1.36"]
[White "Galvez Longas, Isaac"]
[Black "Bogomilov Georgiev, Georgi"]
[Result "1-0"]
[WhiteElo "1715"]
[BlackElo "1953"]
[PlyCount "78"]
[EventDate "2016.01.30"]
[EventType "team-tourn"]
[EventRounds "9"]
[EventCountry "ESP"]
[SourceTitle "EXT 2018"]
[Source "ChessBase"]
[SourceDate "2017.10.13"]
[SourceVersion "1"]
[SourceVersionDate "2017.10.13"]
[SourceQuality "1"]
[WhiteTeam "Ejea"]
[BlackTeam "Tauste"]
[WhiteTeamCountry "ESP"]
[BlackTeamCountry "ESP"]

1. c4 e5 2. Nc3 Nf6 3. d3 Nc6 4. Nf3 g6 5. Bg5 h6 6. Bxf6 Qxf6 7. Nd5 Qd6 8. Nd2 f5 9. e4 Be7 10. c5 Qxc5 11. Rc1 Qa5 12. a3 0-0 13. Rxc6 dxc6 14. Nxe7+ Kf7 15. Nxc8 fxe4 16. Qb3+ Kf6 17. Kd1 Raxc8 18. Nxe4+ Kg7 19. Qe6 Qd5 20. Qg4 Rcd8 21. Qe2 b5 22. f3 b4 23. axb4 Rb8 24. Nd2 Rxb4 25. b3 Rff4 26. Qe3 Rfd4 27. Ke1 Qa5 28. Kf2 Rb5 29. Be2 Rdd5 30. Rc1 Rbc5 31. Nc4 Qb4 32. Nxe5 Rxc1 33. Qxc1 Qd6 34. Nxc6 Rh5 35. Qc3+ Kf8 36. Qh8+ Kf7 37. Ne5+ Ke6 38. Nc4 Kd7 39. d4 c6 1-0

[Event "Aragon-chT Honor Descenso"]
[Site "Aragon"]
[Date "2014.03.29"]
[Round "10.32"]
[White "Bogomilov Georgiev, Georgi"]
[Black "Hernandez Delgado, Gabriel"]
[Result "1/2-1/2"]
[WhiteElo "1931"]
[BlackElo "1931"]
[PlyCount "112"]
[EventDate "2014.01.25"]
[EventType "team-tourn"]
[EventRounds "11"]
[EventCountry "ESP"]
[SourceTitle "EXT 2015"]
[Source "ChessBase"]
[SourceDate "2014.11.20"]
[SourceVersion "1"]
[SourceVersionDate "2014.11.20"]
[SourceQuality "1"]
[WhiteTeam "Tauste"]
[BlackTeam "El Olivar II"]
[WhiteTeamCountry "ESP"]
[BlackTeamCountry "ESP"]

1. e4 d5 2. exd5 Nf6 3. Bb5+ Bd7 4. Bc4 Bg4 5. f3 Bf5 6. g4 Bc8 7. Nc3 Nbd7 8. g5 Nb6 9. Bb5+ Nfd7 10. d4 a6 11. Bd3 Nb8 12. Be4 c6 13. dxc6 Nxc6 14. d5 Ne5 15. Bf4 Nec4 16. Qd4 Nd6 17. 0-0-0 Bd7 18. Bxd6 exd6 19. f4 Qc7 20. Nge2 0-0-0 21. Ng3 Kb8 22. Rde1 Qc5 23. Qxc5 dxc5 24. b3 c4 25. Rd1 Bd6 26. Rhf1 Bh3 27. Rf2 Bc5 28. Rdd2 Bxf2 29. Rxf2 cxb3 30. axb3 g6 31. Rd2 Nc8 32. Nce2 Nd6 33. c4 Rhe8 34. Nc3 Rc8 35. Ra2 Bf5 36. Nxf5 gxf5 37. Bd3 Re3 38. Kd2 Rh3 39. Ne2 Rxh2 40. Kc3 Nb5+ 41. Kb4 Nd4 42. Nxd4 Rxa2 43. Nxf5 Rf2 44. Nd6 Rf8 45. Bxh7 Rxf4 46. Kc5 Kc7 47. Ne4 b6+ 48. Kd4 f5 49. gxf6 R8xf6 50. Ke5 Rxe4+ 51. Bxe4 Rh6 52. b4 Rh5+ 53. Kd4 Rh4 54. c5 bxc5+ 55. bxc5 Rh6 56. d6+ Rxd6+ 1/2-1/2